Mass spectrometric investigation of alamethicin

Elmentve itt :
Bibliográfiai részletek
Szerzők: Marik Tamás
Várszegi Csaba
Kredics László
Vágvölgyi Csaba
Szekeres András
Dokumentumtípus: Cikk
Megjelent: University of Szeged 2013
Sorozat:Acta Biologica Szegediensis 57 No. 2
mtmt:2572386
Online Access:http://publicatio.bibl.u-szeged.hu/4462
LEADER 00765nab a2200229 i 4500
001 publ4462
005 20190226100022.0
008 141118s2013 hu o 0|| angol d
022 |a 1588-385X 
024 7 |a 2572386  |2 mtmt 
040 |a SZTE Publicatio Repozitórium  |b hun 
041 |a angol 
100 1 |a Marik Tamás 
245 1 0 |a Mass spectrometric investigation of alamethicin  |h [elektronikus dokumentum] /  |c  Marik Tamás 
260 |a University of Szeged  |c 2013 
300 |a 109-112 
490 0 |a Acta Biologica Szegediensis  |v 57 No. 2 
700 0 1 |a Várszegi Csaba  |e aut 
700 0 1 |a Kredics László  |e aut 
700 0 1 |a Vágvölgyi Csaba  |e aut 
700 0 1 |a Szekeres András  |e aut 
856 4 0 |u http://publicatio.bibl.u-szeged.hu/4462/1/absz2013_2.pdf  |z Dokumentum-elérés